01270 a2200181 45000010006000000050017000060080041000230030015000640400040000790800052001192450051001710200018002222500011002402640032002513000022002835050756003051000027010613805120260407155646.0260407a1982 arg spa dAR-UNSa-BCEJYS aAR-UNSa-BCEJYSbspacAR-UNSa-BCEJYS a911.3:33(82)xGeografía económica argentina10aLa Argentina, geografía humana y económica a950-568-005-8 a7a. ed 1aBuenos Aires :bERGONc1982 ax, 545 p.c24 cm. a1. El territorio continental - 2. Argentina insular - 3. Sector antártico - 4. Factores naturales indirectos autorrenovables - 5. Recursos naturales - 6. Regiones naturales - 7. El dominio del territorio nacional - 8. El poblamiento argentino - 9. Estática demográfica - 10. Dinámica Demográfica 11. Aspectos cualitativos y política poblacional - 12. Actividad agrpecuaria - 13. La tecnificación rural - 14. Producción agricola - 15. Cultivos industriales - 16. Frutas hortalizas,legumbres y plantas forrajeras - 17. Producción ganadera - 18. Pesca y caza - 19. Explotación forestal - 20. Minería - 21. Energía - 22. Industria - 23. Transportes y comunicaciones - 24. El comercio - 25. La argentina frente al futuro del mundo.1 aCarlevari, Isidro J.F.